LEADER 03522nam 22007454a 450 001 9910457867703321 005 20200520144314.0 010 $a1-281-02959-9 010 $a9786611029593 010 $a0-8157-0840-8 035 $a(CKB)1000000000347480 035 $a(EBL)315014 035 $a(OCoLC)818852059 035 $a(SSID)ssj0000115704 035 $a(PQKBManifestationID)11133420 035 $a(PQKBTitleCode)TC0000115704 035 $a(PQKBWorkID)10027017 035 $a(PQKB)11755566 035 $a(MiAaPQ)EBC315014 035 $a(OCoLC)173667012 035 $a(MdBmJHUP)muse35321 035 $a(Au-PeEL)EBL315014 035 $a(CaPaEBR)ebr10193754 035 $a(CaONFJC)MIL102959 035 $a(EXLCZ)991000000000347480 100 $a20070711d2007 uy 0 101 0 $aeng 135 $aur|n|---||||| 181 $ctxt 182 $cc 183 $acr 200 00$aBuilding inclusive financial systems$b[electronic resource] $ea framework for financial access /$fMichael S. Barr, Anjali Kumar, Robert E. Litan, editors 210 $aWashington, D.C. $cBrookings Institution Press$dc2007 215 $a1 online resource (208 p.) 225 1 $aEmerging markets series 300 $a"This book is based on the seventh annual financial markets and development conference held May 30-31, 2006, in Washington, D.C. The conference was cosponsored by the World Bank Group and Brookings Institution." 311 $a0-8157-0839-4 320 $aIncludes bibliographical references and index. 327 $aIntroduction / Robert E. Litan -- Measuring financial access / Anjali Kumar, Mukta Joshi, Loraine Ronchi, and Konstantinos Tzioumis -- Why does access matter? Impact on growth and poverty / Xavier Gine -- Microfinance institutions and financial access: the double bottom line / Stephen Peachey -- Commercial banks and financial access / Ajai Nair and J. D. von Pischke -- Financial infrastructure and financial access / David Porteous -- Government policies to expand financial access / Michael S. Barr -- Conclusion / Michael S. Barr and Anjali Kumar. 330 $a"Addresses the challenges of making financial systems more inclusive, emulating successful ventures in new markets, and utilizing technologies and government policies to support the expansion of financial access. Examines many dimensions of financial access, including measuring financial access, understanding the impact of expanded access, and examining alternative institutional models"--Provided by publisher. 410 0$aEmerging markets series. 606 $aFinance$zDeveloping countries$vCongresses 606 $aFinancial institutions$zDeveloping countries$vCongresses 606 $aMicrofinance$zDeveloping countries$vCongresses 606 $aCredit$zDeveloping countries$vCongresses 606 $aFinancial services industry$zDeveloping countries$vCongresses 608 $aElectronic books. 615 0$aFinance 615 0$aFinancial institutions 615 0$aMicrofinance 615 0$aCredit 615 0$aFinancial services industry 676 $a332.109172/4 701 $aBarr$b Michael S$054302 701 $aKumar$b Anjali$0890220 701 $aLitan$b Robert E.$f1950-$0127486 712 02$aWorld Bank. 712 02$aInternational Monetary Fund. 801 0$bMiAaPQ 801 1$bMiAaPQ 801 2$bMiAaPQ 906 $aBOOK 912 $a9910457867703321 996 $aBuilding inclusive financial systems$92483250 997 $aUNINA LEADER 01480nam 2200361 n 450 001 996395405703316 005 20200824121316.0 035 $a(CKB)4330000000322617 035 $a(EEBO)2240875222 035 $a(UnM)99826497e 035 $a(UnM)99826497 035 $a(EXLCZ)994330000000322617 100 $a19941214d1689 uy | 101 0 $aeng 135 $aurbn||||a|bb| 200 13$aAn account of the bold & daring enterprize of the Primitive Reformed$b[electronic resource] $ein order to recover their just rights, liberties, and profession of their religion in the dutchy of Savoy. In a letter written from Lawzanne in Swisserland, to a person of honour, August 30. 1689. Licensed, September 3d, 1689. J.F 210 $a[London $cprinted for Robert Clavel, at the Peacock near the west-end of St. Paul's Church-yard$d1689] 215 $a2 p 300 $aPrimitive Reformed = Waldenses. Narrates the first part of the return of the Waldenses to their own country. 300 $aCaption title. 300 $aImprint from colophon. 300 $aReproduction of the original in the Cambridge University Library. 330 $aeebo-0021 606 $aWaldenses$vEarly works to 1800 615 0$aWaldenses 801 0$bCu-RivES 801 1$bCu-RivES 801 2$bCStRLIN 801 2$bWaOLN 906 $aBOOK 912 $a996395405703316 996 $aAn account of the bold & daring enterprize of the Primitive Reformed$92326265 997 $aUNISA